Normal view
MARC view
- Stolz Robert
Entry Personal Name
001 - CONTROL NUMBER
- control field: 11253
003 - CONTROL NUMBER IDENTIFIER
- control field: IT-RoPau
005 - DATE AND TIME OF LATEST TRANSACTION
- control field: 20140128174653.0
008 - FIXED-LENGTH DATA ELEMENTS
- fixed length control field: 140128|| aca||aabn | a|a d
040 ## - CATALOGING SOURCE
- Original cataloging agency: IT-RoPau
- Transcribing agency: IT-RoPau
100 ## - HEADING--PERSONAL NAME
- Personal name: Stolz Robert
- Miscellaneous information: Codice autore musica SPICS: 13453
- Relator term: Autore musica
670 ## - SOURCE DATA FOUND
- Source citation: Work cat.: (IT-RoPau)100004: AA.VV. 794, James Last Spielt-Robert Stolz